CHILD MARRIAGES AND THE LAW IN INDIA (Record no. 9687)
[ view plain ]
| 000 -LEADER | |
|---|---|
| fixed length control field | 00323nam a22001337a 4500 |
| 003 - CONTROL NUMBER IDENTIFIER | |
| control field | SGT |
| 082 ## - DEWEY DECIMAL CLASSIFICATION NUMBER | |
| Classification number | 346.540160954,BHA |
| 100 ## - MAIN ENTRY--PERSONAL NAME | |
| Personal name | BHAT,A |
| 245 ## - TITLE STATEMENT | |
| Title | CHILD MARRIAGES AND THE LAW IN INDIA |
| 260 ## - PUBLICATION, DISTRIBUTION, ETC. (IMPRINT) | |
| Place of publication, distribution, etc | NEW DELHI |
| Name of publisher, distributor, etc | HUMAN RIGHTS LAW NETWORK |
| Year of Publication | 2005 |
| 300 ## - PAGE DESCRIPTION | |
| No. of Pages | 259 |
| 650 ## - SUBJECT ADDED ENTRY--TOPICAL TERM | |
| Topical term or geographic name as entry element | CONSTITUTION LAW OF INDIA |
| 942 ## - ADDED ENTRY ELEMENTS (KOHA) | |
| Source of classification or shelving scheme | Dewey Decimal Classification |
| Koha item type | Books |
| Withdrawn status | Lost status | Source of classification or shelving scheme | Damaged status | Not for loan | Collection code | Home library | Current library | Shelving location | Date acquired | Vendor Name | SGTU | Full call number | Accession No. (Barcode) | Date last seen | Bill Date | Koha item type |
|---|---|---|---|---|---|---|---|---|---|---|---|---|---|---|---|---|
| Dewey Decimal Classification | Not For Loan | LAW | SGT Science & Social Sciences Library | SGT Science & Social Sciences Library | Reference Book | 27/07/2016 | GIFT BY DR. DILIP SINGH | SGTU | 346.540160954,BHA | FL288 | 27/07/2016 | 27/07/2016 | Books |